| 000 | 01040cam a22002054a 4500 | ||
|---|---|---|---|
| 005 | 20250605164119.0 | ||
| 008 | 250528s ||||||||||||||||||||||||d | ||
| 035 | _a18208 | ||
| 020 | _a201612518 | ||
| 040 |
_aGR-AtMCL _bgre _dGR-AtMCL _eAACR2 |
||
| 245 | 1 | _aOperating Systems / A Modern Perspective | |
| 250 | _a2nd | ||
| 260 |
_bΕκδοτικές Επιχειρήσεις "Το Οικονομικό", _c2000 |
||
| 300 | _a614 | ||
| 520 | _aA comprehensive understanding of contemporary operating system practice. Preface, Introduction, Using the Operating System, Operating System Organization, Computer Organization, Device Management, Process Management, Scheduling, Basic Synchronization Principles, High-Level Synchronization, Deadlock, Memory Management, Virtual Memory, File Management, Protection and Security, Networks, Remote Files, Distributed Computing, Strategies and Examples, Summary, Exercises, Glossary, Bibliography, Index. | ||
| 700 | 1 |
_aNutt Gary J _94497 |
|
| 942 | _cBK | ||
| 999 |
_c3585 _d3585 |
||